000 00843cam a2200253 a 4500
001 16064719
005 20180308080503.0
008 100122s2010 mdu b 001 0 eng
010 _a 2010000117
020 _a9780742548138 (cloth : alk. paper)
020 _a9780742548145 (pbk. : alk. paper)
020 _a9781442204300 (electronic : alk. paper)
040 _aDLC
_cDLC
_dDLC
041 _aeng
080 _a174.4 SCH
082 0 0 _a174.4 SCH
_223
100 1 _a60
101 _aMAR
245 1 0 _aConsuming choices :
_cDavid T. Schwartz.
504 _aIncludes bibliographical references (p. 125-130) and index.
906 _a7
_bcbc
_corignew
_d1
_eecip
_f20
_gy-gencatlg
942 _2ddc
_cBK
999 _c44485
_d44485